| 000 | 02696nam0a2200385 4500 | ||
|---|---|---|---|
| 001 | RU\NLR\BIBL_A\012774627 | ||
| 005 | 20220829104146.0 | ||
| 010 |
_a978-5-04-154095-1 _93000 |
||
| 021 |
_aRU _bКН-П-22-001688 _9КН-П-22-0120 |
||
| 035 | _a(NLR Aleph) 012774627 | ||
| 035 | _a(RuMoRGB)010959596 | ||
| 090 |
_a13103717 _c13103717 |
||
| 100 | _a20220428d2021 d y0rusy50 ca | ||
| 101 | 1 |
_arus _ceng |
|
| 102 | _aRU | ||
| 105 | _aa|||z|||000ay | ||
| 181 | 0 |
_ai _baxxe |
|
| 182 | 0 | _an | |
| 200 | 1 |
_aВойна, в которой я победила _e[для среднего школьного возраста] _fКимберли Брубэйкер Брэдли _gперевод с английского А. Ф. Родиной |
|
| 203 |
_aТекст _bвизуальный _cнепосредственный |
||
| 210 |
_aМосква _cЭксмо _d2021 |
||
| 215 |
_a380, [1] с. _d21 |
||
| 225 | 1 | _aВойна Ады. Книги, покоряющие сердца | |
| 311 | _aПродолжение кн. "Война, которая спасла мне жизнь" | ||
| 330 | _aТеперь у Ады есть настоящая любящая семья, и ей, похоже, могут вылечить покалеченную ногу, из-за которой родная мать всегда считала её ничтожеством. Но кто она теперь? Она не дочь, ведь у неё нет матери, она больше не калека и не изгой, она не эвакуированный ребёнок из разбомблённого Лондона, да и вроде не сирота даже, ведь у неё есть опекун... Как найти себя, когда в мире бушует война, люди появляются в жизни и исчезают, а тот, на кого она только-только позволила себе положиться, может тоже её оставить - и на этот раз навсегда? Ещё немало сражений ждёт Аду, пусть она никогда не бывала на фронте. Хватит ли у неё отваги и силы выстоять в этой войне? | ||
| 333 | _a12+ | ||
| 488 | 0 | _12001#$aВойна, которая спасла мне жизнь | |
| 686 | 0 | _aШ9(7США)62-4 | |
| 700 | 1 |
_aБрэдли _bК. Б. _f1967- _gКимберли Брубэйкер _3RU\NLR\AUTH\770243934 |
|
| 942 | _cBOOK | ||
| 980 | _aNB | ||